| 000 | 01015cam a22001934a 4500 | ||
|---|---|---|---|
| 005 | 20250605164358.0 | ||
| 008 | 250528s ||||||||||||||||||||||||d | ||
| 035 | _a24442 | ||
| 040 |
_aGR-AtMCL _bgre _dGR-AtMCL _eAACR2 |
||
| 245 | 1 | _aΤηλεοπτικά Κανάλια: Μαύρο σε Αποχρώσεις του Ροζ | |
| 260 | _c2016 | ||
| 300 | _a34 | ||
| 520 | _aInsights: Κερδίζει Έδαφος η Εταιρική Υπευθυνότητα στην Ελλάδα, Αγορά Γάλακτος: Η Εταιρική Ευθύνη 'Κλειδί' Ανάπτυξης και Engagement, Δεν Μιλάμε πια για Programmatic αλλά για Data Enablement, Έρχεται στην Αθήνα για να Διδάξει e-Commerce, Συμπληρώματα Διατροφής: Με Σύμμαχο την Έρευνα και τη Φύση. | ||
| 700 | 1 |
_aΚορδελάς Δημήτρης _99464 |
|
| 942 | _cCR | ||
| 710 | 2 |
_aThe Marketing Week _99825 |
|
| 999 |
_c9323 _d9323 |
||